|
|
|
|
| LEADER |
01143cam a2200265 i 4500 |
| 001 |
19665278 |
| 003 |
GR-PaULI |
| 005 |
20210117210901.0 |
| 008 |
170526t2017 us a g b 001 0 eng d |
| 952 |
|
|
|0 0
|1 0
|2 ddc
|4 0
|6 418_040000000000000_EMM
|7 0
|9 231600
|a LISP
|b LISP
|c BSC
|d 2019-04-19
|e Προμήθεια Φιλολογίας
|i 140227
|l 0
|o 418.04 EMM
|p 025000261733
|r 2019-04-19 00:00:00
|t 1
|v 2019.00
|w 2019-04-19
|y BK15
|
| 999 |
|
|
|c 140704
|d 140704
|
| 010 |
|
|
|a 2017007921
|
| 020 |
|
|
|a 9781501329906 (χαρτόδετο)
|
| 040 |
|
|
|a DLC
|b eng
|c DLC
|d GR-PaULI
|e AACR2
|
| 082 |
0 |
0 |
|a 418.04
|2 23
|
| 100 |
1 |
|
|a Emmerich, Karen
|e συγγραφέας.
|9 175268
|
| 245 |
1 |
0 |
|a Literary translation and the making of originals /
|c Karen Emmerich.
|
| 260 |
|
|
|a New York :
|b Bloomsbury,
|c c2017.
|
| 300 |
|
|
|a viii, 224 σ :
|b εικ ;
|c 23 εκ.
|
| 490 |
1 |
|
|a Literatures, cultures, translation
|
| 504 |
|
|
|a Περιλαμβάνει βιβλιογραφία και ευρετήριο.
|
| 650 |
|
4 |
|a Μετάφραση και ερμηνεία
|9 42445
|
| 830 |
|
0 |
|9 175269
|a Literatures, cultures, translation
|
| 942 |
|
|
|2 ddc
|c BK15
|
| 998 |
|
|
|c ΒΑΣΙΛΕΙΟΥ
|d 2019-04
|